Commonly Misspoken Phrases Quiz Stats

 Plays Quiz Updated Aug 1, 2017

Support Sporcle.
Go Orange.
Score 0/24 Timer 03:00
0 Plays Today
Option A Answer % Correct
Curl up in the fetal position???
92.4%
All walks of life???
91.6%
I’m giving you leadway???
89.5%
Old timer’s disease???
89.2%
Nip it in the butt???
88.9%
Statue of limitations???
87.6%
For all intensive purposes???
86.1%
On accident???
85.7%
Scotch free???
85.6%
Moot point???
84.9%
No holds barred???
82.8%
I could care less???
80.5%
Option A Answer % Correct
Extract revenge???
80.2%
Piqued my interest???
79.4%
Each one worse than the next???
77.3%
At beck and call???
75%
Case in point???
73.4%
One in the same???
72.5%
Hunger pangs???
70.2%
Bated breath???
57.9%
On tenterhooks???
53.7%
Zero-sum game???
47%
Take a different tack???
43.7%
You’ve got another thing coming???
23.2%

You're not logged in!

Compare scores with friends on all Sporcle quizzes.
OR
Log In
Forgot?

From the Vault

TV Roommates

by Noldeh

You'd need at least three more roommates to afford those apartments.
Remove Ads.
Support Sporcle.
Get the best of Sporcle when you Go Orange. This ad-free experience offers more features, more stats, and more fun while also helping to support Sporcle. Thank you for becoming a member.

Show Comments

Extras

Top Quizzes Today


Score Distribution

Your Account Isn't Verified!

In order to create a playlist on Sporcle, you need to verify the email address you used during registration. Go to your Sporcle Settings to finish the process.

Report this User

Report this user for behavior that violates our Community Guidelines.

Details: